| 000 | 00771nam a22001697a 4500 | ||
|---|---|---|---|
| 003 | BD-DhUL | ||
| 005 | 20181127143226.0 | ||
| 008 | 161013s1958 ii ||||| |||| 00| 0 ben | ||
| 040 |
_aBD-DhUL _cBD-DhUL |
||
| 082 |
_a509 _bSAV |
||
| 100 | 1 | _a সেন, সমরেন্দ্রনাথ | |
| 245 | 1 | 0 |
_aবিজ্ঞানের ইতিহাস : _cসমরেন্দ্রনাথ সেন _bখন্ড. ১ / |
| 260 |
_aকলিকাতা : _bইন্ডিয়ান এসোসিয়েশন ফর দি কাল্টিভেশন অব সায়েন্স, _c১৯৫৮। |
||
| 300 |
_a২ খ. ; _bচিত্র ; _c২৩ সেমি. |
||
| 650 | 0 | _aবিজ্ঞান - ইতিহাস | |
| 942 |
_2ddc _cBK |
||
| 999 |
_c108951 _d108951 |
||